| 000 | 00561nam a2200193 a 4500 | ||
|---|---|---|---|
| 005 | 20140412111243.0 | ||
| 008 | 001117s19uu xx 00 eng d | ||
| 020 | _a0-663-38193-2 | ||
| 050 |
_aM 428.6 _bC51 1982 |
||
| 100 | _aClymer, Theodore | ||
| 245 |
_aLittle dog laughed / _cTheodore Clymer and Richard L. Venezky. |
||
| 260 |
_aLexington, MA : _bGinn and Company, _c1982. |
||
| 300 | _a52 p. ; col. ; ill. | ||
| 440 | _aGinn Reading Program, Level 2 | ||
| 526 | _cPS | ||
| 650 | _aReading--Study and teaching | ||
| 999 |
_c102823 _d102823 |
||